Business: Theory and Practice

Bibliographic Details
Format: eBook
Language:English
Published: Vilna: Vilnius Gediminas Technical University, 2018 -
Subjects:
Online Access:Acceso restringido

MARC

LEADER 00000nam a22000007a 4500
005 2019102206416.0
007 cr|||| ||||
008 191022c20189999lt ar|w s|||| 0|||b1eng d
022 |a 1648-0627 
035 |a 22769 
040 |a vLex 
090 |c 9936  |d 9936 
245 0 0 |a Business: Theory and Practice  |h [Recurso electrn̤ico] / 
256 |a Servicio en ln̕ea 
260 |a Vilna:  |b Vilnius Gediminas Technical University,  |c 2018 - 
300 |a 1 recurso electrn̤ico 
310 |a Anual 
506 1 |a Disponible solo en los productos indicados  |d vLex Global  |d vLex Global (Academic Edition, excluding Law Schools)  |d vLex Global (U.S. Academic Edition, Law Schools)  |d vLex Global (U.S. Academic Edition, excluding Law Schools)  |d vLex Global (Academic Edition, Law Schools) 
650 0 4 |a Economa̕ y negocios  |z Lituania 
740 0 |a vLex Revistas (Servicio en ln̕ea) 
856 4 0 |u http://vlex.com/source/business-theory-and-practice-22769  |z Acceso restringido 
942 |c REV 
999 0 |a Economy and business